[Event "Udaipur Lakecity op 3rd"]
[Site "Udaipur"]
[Date "2019.03.30"]
[Round "6"]
[White "Sudhanshu, Ranjan"]
[Black "Gulhariya, BK."]
[Result "1-0"]
[WhiteElo "2056"]
[BlackElo "1691"]
[PlyCount "107"]
[EventDate "2019.03.28"]
[EventType "swiss"]
[EventRounds "8"]
[EventCountry "IND"]
[SourceTitle "CBM 189 Extra"]
[Source "ChessBase"]
[SourceDate "2019.06.03"]
[SourceVersion "1"]
[SourceVersionDate "2019.06.03"]
[SourceQuality "1"]

1. d4 Nf6 2. c4 g6 3. Nc3 Bg7 4. e4 c5 5. d5 d6 6. Bd3 Nbd7 7. Nf3 Ng4 8. Bd2 Nge5 9. Nxe5 Nxe5 10. Be2 f5 11. 0-0 0-0 12. f4 Nf7 13. Qc2 b6 14. Rae1 fxe4 15. Nxe4 Bf5 16. Bd3 Qd7 17. Bc3 Bh6 18. Ng3 Bxd3 19. Qxd3 Rae8 20. f5 g5 21. Nh5 Nd8 22. g4 Rf7 23. Qd2 Ref8 24. h4 e5 25. dxe6 Nxe6 26. Rxe6 Qxe6 27. hxg5 Qxc4 28. gxh6 Qxg4+ 29. Qg2 Qxg2+ 30. Kxg2 Rxf5 31. Nf6+ R8xf6 32. Bxf6 Rxf1 33. Kxf1 Kf7 34. Bg5 b5 35. Ke2 Ke6 36. Bd8 d5 37. Kd3 Kd6 38. a3 Kd7 39. Ba5 Ke6 40. b4 c4+ 41. Kd4 Kf5 42. Bc7 Kg5 43. Be5 Kxh6 44. Kxd5 Kg5 45. a4 bxa4 46. Kxc4 Kf5 47. Bb8 a6 48. Kc3 Ke4 49. Kb2 Kd3 50. Ka3 Kc4 51. Kxa4 h5 52. Bg3 Kd5 53. Ka5 Kc4 54. Be1 1-0